000 01343cam a22003371i 4500
003 SA-RiAUC
005 20250505074608.0
008 250504s2007 le g b 000 0 ara c
020 _a9990190569
040 _aOM-MuSQU
_bara
_cSA-RiAUC
_erda
043 _aa-ba---
050 4 _b. K33 2007
050 4 _b. K33 2007
082 0 4 _a303.609537
_qSA-RiAUC
090 _a303.609537
_b ك ا ظ
100 1 _aكاظم، نادر
_eمؤلف.
245 1 0 _aطبائع الاستملاك :
_bقراءة في أمراض الحالة البحرينية /
_cنادر كاظم.
250 _aالطبعة الأولى.
264 1 _aبيروت :
_bالمؤسسة العربية للدراسات،
_c2007
300 _a273، 4 صفحة ؛
_c22 سم.
336 _aنص
_btxt
_2rdacontent
_3كتاب
337 _aبدون وسيط
_bn
_2rdamedia
338 _aمجلد
_bnc
_2rdacarrier
490 1 _aسلسلة دراسات / المؤسسة العربية للدراسات والنشر (بيروت)
504 _aيشتمل على إرجاعات ببليوجرافية.
590 _aحميد.
650 7 _aالصراع الاجتماعي
_zالبحرين
_2aucsh
830 0 _aدراسات (المؤسسة العربية للدراسات والنشر)
942 _2ddc
_cBOOK
_n0
949 _aSA-JeALM
_d250504
_umohamedma123
_n1
999 _c7607
_d7607